La tribuna del salón de actos durante la sesión preparatoria de la Asamblea de las Clases Medias, celebrada el domingo último : (Record no. 193736)
[ view plain ]
| 000 -LEADER | |
|---|---|
| campo de control de longitud fija | 01236nab a2200289 i 4500 |
| 001 - NÚMERO DE CONTROL | |
| campo de control | 193736 |
| 003 - IDENTIFICADOR DE NÚMERO DE CONTROL | |
| campo de control | ES-MaACL |
| 005 - FECHA Y HORA DE LA ÚLTIMA TRANSACCIÓN | |
| campo de control | 20250811063211.0 |
| 007 - CAMPO FIJO DE DESCRIPCIÓN FÍSICA--INFORMACIÓN GENERAL | |
| campo de control de longitud fija | t| |
| 008 - DATOS DE LONGITUD FIJA--INFORMACIÓN GENERAL | |
| campo de control de longitud fija | 240207s1916 sp ||||1| spa d |
| 040 ## - FUENTE DE CATALOGACIÓN | |
| Centro catalogador/agencia de origen | ES-MaACL |
| Lengua de catalogación | spa |
| Centro/agencia transcriptor | ES-MaACL |
| 245 03 - MENCIÓN DEL TÍTULO | |
| Título | La tribuna del salón de actos durante la sesión preparatoria de la Asamblea de las Clases Medias, celebrada el domingo último : |
| Resto del título | en el Ateneo de Madrid / |
| Mención de responsabilidad, etc. | foto, Duque |
| 246 1# - FORMA VARIANTE DEL TITULO | |
| Título propio/Titulo breve | Asamblea de las Clases Medias |
| 260 ## - PUBLICACIÓN, DISTRIBUCIÓN, ETC. | |
| Lugar de publicación, distribución, etc. | [Madrid : |
| Nombre del editor, distribuidor, etc. | Blanco y Negro, |
| Fecha de publicación, distribución, etc. | 1916] |
| 300 ## - DESCRIPCIÓN FÍSICA | |
| Extensión | 1 página : |
| Otras características físicas | 1 ilustración ; |
| Dimensiones | 30 cm |
| 336 ## - TIPO DE CONTENIDO | |
| Fuente | rdacontent |
| Término de tipo de contenido | texto |
| 337 ## - TIPO DE MEDIO | |
| Fuente | rdamedia |
| Nombre/término del tipo de medio | sin mediación |
| 338 ## - TIPO DE SOPORTE | |
| Fuente | rdacarrier |
| Nombre/término del tipo de soporte | volumen |
| 500 ## - NOTA GENERAL | |
| Nota general | Fotocopia de la página con la fotografía de un grupo de asistentes a la sesión preparatoria de la Asamblea de las Clases Medias, celebrada en el Ateneo de Madrid, publicada en "Blanco y negro", 9 de abril de 1916, n. 1299 |
| 610 24 - PUNTO DE ACCESO ADICIONAL DE MATERIA--NOMBRE DE ENTIDAD CORPORATIVA | |
| Nombre de entidad corporativa o nombre de jurisdicción como elemento de entrada | Ateneo de Madrid- |
| Subdivisión de forma | Historia |
| 9 (RLIN) | 1925 |
| 650 #4 - PUNTO DE ACCESO ADICIONAL DE MATERIA--TÉRMINO DE MATERIA | |
| Término de materia o nombre geográfico como elemento de entrada | Clase media- |
| Subdivisión geográfica | España |
| 9 (RLIN) | 171878 |
| 700 1# - ENTRADA AGREGADA--NOMBRE PERSONAL | |
| 9 (RLIN) | 235025 |
| Nombre de persona | Duque, Julio, |
| Fechas asociadas al nombre | ca. 1870-1936 |
| Término indicativo de función/relación | Fotógrafo |
| 852 4# - LOCALIZACIÓN | |
| Ubicación | ES-MaACL |
| Ubicación en estantería | Depósito folletos |
| Número de control de estantería | 2347-F-71 |
| itemnumber | 201270 |
| 942 ## - ELEMENTOS DE ENTRADA SECUNDARIOS (KOHA) | |
| Fuente del sistema de clasificación o colocación | Clasificación decimal universal |
| Tipo de ítem Koha | Artículo de revista |
| Suprimir en OPAC | No |
| Estatus retirado | Estado de pérdida | Fuente del sistema de clasificación o colocación | Estado de daño | No para préstamo | Colección | Biblioteca de origen | Biblioteca actual | Ubicación en estantería | Fecha de adquisición | Total de préstamos | Signatura topográfica completa | Código de barras | Visto por última vez | Tipo de ítem Koha |
|---|---|---|---|---|---|---|---|---|---|---|---|---|---|---|
| Clasificación decimal universal | Fondo Ateneo de Madrid | Biblioteca del Ateneo de Madrid | Biblioteca del Ateneo de Madrid | Depósito folletos | 07/02/2024 | 2347-F-71 | 101206735 | 07/02/2024 | Artículo de revista |
